| 000 | 00744nam a2200265Ia 4500 | ||
|---|---|---|---|
| 003 | OSt | ||
| 005 | 20220912145456.0 | ||
| 006 | a|||||r|||| 00| 0 | ||
| 007 | ta | ||
| 008 | 220909b |||||||| |||| 00| 0 eng d | ||
| 024 | _a67865 | ||
| 037 | _cTextual | ||
| 040 |
_aCSL _beng _cCSL |
||
| 041 | _aeng | ||
| 082 | _aD65,8(B):3:(P), M8 | ||
| 100 | _aBlaser A Ed. | ||
| 111 | _aSymposium on natural languages at the computer (1988 : Germany) | ||
| 245 | 0 | _aProceeding on natural language at the computer | |
| 260 | _c1988 | ||
| 300 |
_ap. _ccm. |
||
| 490 | _aLecture notes in computer science; 320 | ||
| 650 | _aComputer science | ||
| 942 |
_hD65,8(B):3:(P), M8 _cTEXL _2CC |
||
| 999 |
_c32689 _d32689 |
||